000 00942nam a22003017a 4500
003 CHAP
005 20220329140702.0
008 971013s1979 r 00010 d
010 _a56036
011 _a57008
035 _a61161
040 _cCHAP
082 _a584.15
_bS44
100 0 0 _aSheehan, Thomas John.
_9105582
245 _aOrchid genera illustrated
260 _aNew York :
_bVan Nostradand,
_c1979
300 _a207 p.
_b: ilus.
590 _aBATCH-UPD
_b10
_c20130110
_lUCH01
_h0513
590 _aBATCH-UPD
_b10
_c20130410
_lUCH01
_h0151
590 _aBATCH-UPD
_b10
_c20130914
_lUCH01
_h1853
590 _aCONVERSION
_b10
_c20130109
_lUCH01
_h1330
650 1 4 _aOrquidáceas.
_983723
700 0 _aSheehan, Marion.
_9105581
901 _aBK
942 _cLIBRO
949 _a584.15 S44
_bBC
_cLIBRO
_d33724000449096
_eLIBRO
_h56104
_i61161
_si
949 _a584.15 S44
_bBC
_cLIBRO
_d33724000642773
_eLIBRO
_fc.2
_gI.133015
_h68913
_i61161
_si
999 _c56036
_d56036